[Event "Hoogeveen Open"]
[Site "Hoogeveen, Netherlands"]
[Date "2016.10.22"]
[Round "9.36"]
[White "De Boer, Eelke"]
[Black "Bos, Robin"]
[Result "1-0"]
[WhiteElo "2018"]
[BlackElo "2025"]
[PlyCount "0"]
[EventDate "2016.??.??"]

1. e4 c5 2. Nf3 Nc6 3. d4 cxd4 4. Nxd4 e5 5. Nb5 d6 6. N1c3 a6 7. Na3 b5 8. Nd5
Nf6 9. Bg5 Qa5+ 10. Bd2 Qd8 11. Bg5 Qa5+ 12. Bd2 Qd8 13. Bd3 Nxd5 14. exd5 Ne7
15. c4 g6 16. cxb5 Bg7 17. O-O O-O 18. Bc4 Nf5 19. Bc3 Qg5 20. Kh1 Nh4 21. Rg1
Bg4 22. Be2 Bd7 23. bxa6 Nf5 24. Nc2 Qf4 25. Rf1 Nd4 26. Ne3 Bc8 27. b4 Nxe2
28. Qxe2 Bxa6 29. b5 Bb7 30. a4 Rfc8 31. g3 Qg5 32. Bb2 f5 33. a5 f4 34. a6
Bxa6 35. bxa6 fxe3 36. fxe3 Bh6 37. Rfe1 Rf8 38. Rac1 Qf5 39. e4 Qd7 40. Rc6
Qa7 41. Kg2 Rad8 42. Ba3 Rf6 43. Bc5 Qf7 44. Bb6 Rf8 45. Rc7 Qe8 46. Ra1 Qb8
47. Rb7 Qc8 48. Rc7 Qb8 49. Rc6 Kg7 50. a7 Qa8 51. Bc7 Rf2+ 52. Qxf2 Rxf2+ 53.
Kxf2 Qf8+ 54. Ke2 Qc8 55. a8=Q Qg4+ 56. Kf2 Qxe4 57. Qa7 Qf5+ 58. Kg1 Bd2 59.
Ba5+ 1-0

[Event "Hoogeveen Open"]
[Site "Hoogeveen, Netherlands"]
[Date "2016.10.22"]
[Round "9.37"]
[White "Den Dunnen, Lola"]
[Black "Van Dael, Siem"]
[Result "0-1"]
[WhiteElo "1890"]
[BlackElo "1995"]
[PlyCount "84"]
[EventDate "2016.??.??"]

1. d4 Nf6 2. c4 g6 3. Nc3 Bg7 4. e4 d6 5. h3 O-O 6. Be3 e5 7. d5 Qe8 8. Be2 a5
9. Nf3 Nh5 10. g3 f5 11. exf5 gxf5 12. g4 fxg4 13. hxg4 Nf4 14. Ng5 Qg6 15.
Bxf4 Rxf4 16. Ne6 Bxe6 17. dxe6 Qxe6 18. Nd5 Rf7 19. Qc2 e4 20. O-O-O Nc6 21.
g5 Nd4 22. Qd2 c6 23. Nf6+ Bxf6 24. gxf6 Nxe2+ 25. Qxe2 Rxf6 26. Qh5 Qxc4+ 27.
Kb1 Qf7 28. Qxf7+ Rxf7 29. Rxd6 Rxf2 30. Rd7 e3 31. Re7 e2 32. Re1 Raf8 33.
R1xe2 Rxe2 34. Rxe2 Kg7 35. Kc2 h5 36. Re5 h4 37. Rg5+ Kh6 38. Rxa5 h3 39. Ra3
Rf2+ 40. Kc1 h2 41. Rh3+ Kg5 42. Rh8 Rf1+ 0-1

[Event "Hoogeveen Open"]
[Site "Hoogeveen, Netherlands"]
[Date "2016.10.22"]
[Round "9.38"]
[White "Bruggink, Tycho"]
[Black "De Vries, Bram"]
[Result "0-1"]
[WhiteElo "1895"]
[BlackElo "1984"]
[PlyCount "106"]
[EventDate "2016.??.??"]

1. e4 d6 2. d4 Nf6 3. Nc3 e5 4. dxe5 dxe5 5. Qxd8+ Kxd8 6. a3 Be6 7. Nf3 Bd6 8.
Bg5 a6 9. O-O-O Nbd7 10. h3 Kc8 11. Be3 b5 12. Ng5 Re8 13. Nxe6 Rxe6 14. f3 Bc5
15. Bxc5 Nxc5 16. Nd5 Nh5 17. Ne3 Ng3 18. Rg1 c6 19. Nf5 Nxf5 20. exf5 Re8 21.
Bd3 Kc7 22. Be4 Rad8 23. Rxd8 Rxd8 24. Rd1 Rxd1+ 25. Kxd1 Kd6 26. Kd2 f6 27. g3
Kc7 28. b3 Kd6 29. Ke3 a5 30. Kd2 Na6 31. Kd3 Kc5 32. c3 Kb6 33. c4 Kc5 34.
cxb5 cxb5 35. g4 Nc7 36. Kc3 b4+ 37. axb4+ axb4+ 38. Kd2 Nb5 39. Bc2 Kd4 40. h4
h6 41. Bd3 Nc3 42. Bc2 e4 43. fxe4 Nxe4+ 44. Ke2 Nd6 45. Kd2 Nf7 46. Bd3 Ne5
47. Be2 Ke4 48. Bd1 Kf4 49. g5 fxg5 50. hxg5 Kxg5 51. Bc2 Kf4 52. Ke2 Nf3 53.
Kd3 Ne5+ 0-1